<?xml version="1.0" encoding="UTF-8"?>
<collection xmlns="http://www.loc.gov/MARC21/slim">
    <record>
        <controlfield tag="001">78842</controlfield>
        <controlfield tag="005">20200716101427.0</controlfield>
        <datafield tag="024" ind1="7" ind2=" ">
            <subfield code="2">doi</subfield>
            <subfield code="a">10.3390/ijerph16050851</subfield>
        </datafield>
        <datafield tag="024" ind1="8" ind2=" ">
            <subfield code="2">sideral</subfield>
            <subfield code="a">111201</subfield>
        </datafield>
        <datafield tag="037" ind1=" " ind2=" ">
            <subfield code="a">ART-2019-111201</subfield>
        </datafield>
        <datafield tag="041" ind1=" " ind2=" ">
            <subfield code="a">eng</subfield>
        </datafield>
        <datafield tag="100" ind1=" " ind2=" ">
            <subfield code="0">(orcid)0000-0003-4045-5918</subfield>
            <subfield code="a">Garcés-Ayerbe, C.</subfield>
            <subfield code="u">Universidad de Zaragoza</subfield>
        </datafield>
        <datafield tag="245" ind1=" " ind2=" ">
            <subfield code="a">Is It Possible to Change from a Linear to a Circular Economy? An Overview of Opportunities and Barriers for European Small and Medium-Sized Enterprise Companies</subfield>
        </datafield>
        <datafield tag="260" ind1=" " ind2=" ">
            <subfield code="c">2019</subfield>
        </datafield>
        <datafield tag="506" ind1="0" ind2=" ">
            <subfield code="a">Access copy available to the general public</subfield>
            <subfield code="f">Unrestricted</subfield>
        </datafield>
        <datafield tag="520" ind1="3" ind2=" ">
            <subfield code="a">The Circular Economy is a paradigm shift attempting to replace the end-of-life concept with reducing, reusing, recycling and recovering materials and to slow down, close and narrow material and power loops. This concept is much discussed in the academic literature, but limited progress has been accomplished so far regarding its empirical analysis. The objective of this work is to study circular economy practices and analyze in depth the circular economy behavior in European firms. We find that firms' circular economy behavior is a gradual process where measures are implemented gradually, starting with activities involving control measures and ending with putting preventive practices in place. We discovered also that the most proactive companies in implementing circular economy measures generally come across certain common barriers such as administrative processes, regulations and a lack of human resources to perform these practices, while firms that have not implemented circular economy measures view financing, investment and cost¿benefit barriers as the most significant. Significant efforts need to be undertaken by firms to accomplished circular economy. Also circular economy regulation should be improved to make it easier for companies to implement strategies that will make them more sustainable.</subfield>
        </datafield>
        <datafield tag="536" ind1=" " ind2=" ">
            <subfield code="9">info:eu-repo/grantAgreement/ES/AEI-FEDER/ECO2016-77-P</subfield>
            <subfield code="9">info:eu-repo/grantAgreement/ES/DGA/S42-17R-CREVALOR</subfield>
            <subfield code="9">info:eu-repo/grantAgreement/ES/MINECO/ECO2013-48496-C4-3-R</subfield>
            <subfield code="9">info:eu-repo/grantAgreement/ES/MINECO/ECO2017-86305-C4-3-R</subfield>
        </datafield>
        <datafield tag="540" ind1=" " ind2=" ">
            <subfield code="9">info:eu-repo/semantics/openAccess</subfield>
            <subfield code="a">by</subfield>
            <subfield code="u">http://creativecommons.org/licenses/by/3.0/es/</subfield>
        </datafield>
        <datafield tag="590" ind1=" " ind2=" ">
            <subfield code="a">2.849</subfield>
            <subfield code="b">2019</subfield>
        </datafield>
        <datafield tag="592" ind1=" " ind2=" ">
            <subfield code="a">0.739</subfield>
            <subfield code="b">2019</subfield>
        </datafield>
        <datafield tag="591" ind1=" " ind2=" ">
            <subfield code="a">PUBLIC, ENVIRONMENTAL &amp; OCCUPATIONAL HEALTH</subfield>
            <subfield code="b">32 / 170 = 0.188</subfield>
            <subfield code="c">2019</subfield>
            <subfield code="d">Q1</subfield>
            <subfield code="e">T1</subfield>
        </datafield>
        <datafield tag="593" ind1=" " ind2=" ">
            <subfield code="a">Health, Toxicology and Mutagenesis</subfield>
            <subfield code="c">2019</subfield>
            <subfield code="d">Q2</subfield>
        </datafield>
        <datafield tag="591" ind1=" " ind2=" ">
            <subfield code="a">ENVIRONMENTAL SCIENCES</subfield>
            <subfield code="b">105 / 265 = 0.396</subfield>
            <subfield code="c">2019</subfield>
            <subfield code="d">Q2</subfield>
            <subfield code="e">T2</subfield>
        </datafield>
        <datafield tag="593" ind1=" " ind2=" ">
            <subfield code="a">Public Health, Environmental and Occupational Health</subfield>
            <subfield code="c">2019</subfield>
            <subfield code="d">Q2</subfield>
        </datafield>
        <datafield tag="591" ind1=" " ind2=" ">
            <subfield code="a">PUBLIC, ENVIRONMENTAL &amp; OCCUPATIONAL HEALTH</subfield>
            <subfield code="b">58 / 193 = 0.301</subfield>
            <subfield code="c">2019</subfield>
            <subfield code="d">Q2</subfield>
            <subfield code="e">T1</subfield>
        </datafield>
        <datafield tag="593" ind1=" " ind2=" ">
            <subfield code="a">Pollution</subfield>
            <subfield code="c">2019</subfield>
            <subfield code="d">Q2</subfield>
        </datafield>
        <datafield tag="655" ind1=" " ind2="4">
            <subfield code="a">info:eu-repo/semantics/article</subfield>
            <subfield code="v">info:eu-repo/semantics/publishedVersion</subfield>
        </datafield>
        <datafield tag="700" ind1=" " ind2=" ">
            <subfield code="0">(orcid)0000-0001-9319-5895</subfield>
            <subfield code="a">Rivera-Torres, P.</subfield>
            <subfield code="u">Universidad de Zaragoza</subfield>
        </datafield>
        <datafield tag="700" ind1=" " ind2=" ">
            <subfield code="0">(orcid)0000-0001-5003-4039</subfield>
            <subfield code="a">Suárez-Perales, I.</subfield>
            <subfield code="u">Universidad de Zaragoza</subfield>
        </datafield>
        <datafield tag="700" ind1=" " ind2=" ">
            <subfield code="a">Leyva-de la Hiz, D.I.</subfield>
        </datafield>
        <datafield tag="710" ind1="2" ind2=" ">
            <subfield code="1">4012</subfield>
            <subfield code="2">650</subfield>
            <subfield code="a">Universidad de Zaragoza</subfield>
            <subfield code="b">Dpto. Direcc.Organiza.Empresas</subfield>
            <subfield code="c">Área Organización de Empresas</subfield>
        </datafield>
        <datafield tag="710" ind1="2" ind2=" ">
            <subfield code="1">4011</subfield>
            <subfield code="2">095</subfield>
            <subfield code="a">Universidad de Zaragoza</subfield>
            <subfield code="b">Dpto. Direc.Mark.Inves.Mercad.</subfield>
            <subfield code="c">Área Comerci.Investig.Mercados</subfield>
        </datafield>
        <datafield tag="773" ind1=" " ind2=" ">
            <subfield code="g">16, 5 (2019), 851 [15 pp]</subfield>
            <subfield code="p">Int. j. environ. res. public health</subfield>
            <subfield code="t">International Journal of Environmental Research and Public Health</subfield>
            <subfield code="x">1661-7827</subfield>
        </datafield>
        <datafield tag="856" ind1="4" ind2=" ">
            <subfield code="s">664061</subfield>
            <subfield code="u">http://zaguan.unizar.es/record/78842/files/texto_completo.pdf</subfield>
            <subfield code="y">Versión publicada</subfield>
        </datafield>
        <datafield tag="856" ind1="4" ind2=" ">
            <subfield code="s">107310</subfield>
            <subfield code="u">http://zaguan.unizar.es/record/78842/files/texto_completo.jpg?subformat=icon</subfield>
            <subfield code="x">icon</subfield>
            <subfield code="y">Versión publicada</subfield>
        </datafield>
        <datafield tag="909" ind1="C" ind2="O">
            <subfield code="o">oai:zaguan.unizar.es:78842</subfield>
            <subfield code="p">articulos</subfield>
            <subfield code="p">driver</subfield>
        </datafield>
        <datafield tag="951" ind1=" " ind2=" ">
            <subfield code="a">2020-07-16-08:45:29</subfield>
        </datafield>
        <datafield tag="980" ind1=" " ind2=" ">
            <subfield code="a">ARTICLE</subfield>
        </datafield>
    </record>

    
</collection>